000 00387nam a2200169Ia 4500
001 16493
003 IN-NITTTR
005 20251114233156.0
008 251113s9999||||xx |||||||||||||| ||eng||
040 _beng
040 _cIN-NITTTR
041 _aeng
082 _a004 G261I
100 _aGear, C. W.
245 0 _aIntroduction to computer science. /
_cGear, C. W.
942 _2ddc
_cBK
999 _c19127
_d19127